(Football) Meilleurs buteurs, tous matchs confondus en LdN - Statistiques

Statistiques générales
  • Ce quiz a été pris 146 fois
  • Le résultat moyen est 9 sur 21
Statistiques - réponses
Buts Joueurs Equipe Détail par édition Détail par ligue % Correct
7 Cristiano Ronaldo Portugal 3 en 2018, 2 en 2020, 2 en 2022 A
96%
12 Erling Braut Haaland Norvège 6 en 2020, 6 en 2022 B
94%
7 Kylian Mbappé France 1 en 2018, 4 en 2020, 2 en 2022 A
93%
10 Romelu Lukaku Belgique 4 en 2018, 6 en 2020 A
91%
7 Memphis Depay Pays-Bas 2 en 2018, 2 en 2020, 3 en 2022 A
81%
5 Olivier Giroud France 1 en 2018, 3 en 2020, 1 en 2022 A
80%
13 Aleksandar Mitrović Serbie 6 en 2018, 2 en 2020, 5 en 2022 6 en C, 7 en B
67%
7 Christian Eriksen Danemark 2 en 2018, 4 en 2020, 1 en 2022 2 en B, 5 en A
60%
8 Teemu Pukki Finlande 3 en 2018, 2 en 2020, 3 en 2022 3 en C, 5 en B
52%
6 Ferran Torres Espagne 6 en 2020 A
41%
7 Haris Seferović Suisse 5 en 2018, 1 en 2020, 1 en 2022 A
40%
7 Timo Werner Allemagne 1 en 2018, 4 en 2020, 2 en 2022 A
40%
7 Michy Batshuayi Belgique 2 en 2018, 2 en 2020, 3 en 2022 A
25%
6 Eran Zahavi Israël 1 en 2018, 5 en 2020 1 en C, 5 en B
15%
5 Georginio Wijnaldum Pays-Bas 2 en 2018, 3 en 2020 A
13%
5 Sergio Ramos Espagne 3 en 2018, 2 en 2020 A
9%
5 Ezgjan Alioski Macédoine du Nord 3 en 2018, 2 en 2020 2 en D, 2 en C
4%
9 Danel Sinani Luxembourg 3 en 2018, 3 en 2020, 3 en 2022 3 en D, 6 en C
2%
5 James Forrest Écosse 5 en 2018 C
0%
5 Stanislav Dragun Biélorussie 5 en 2018 D
0%
5 Yura Movsiyan Arménie 5 en 2018 D
0%
Aucun quiz correspondant
Distribution des résultats
% des personnes avec chaque résultat
Percentile par nombre de réponses
Votre historique - résultats
Vous n’avez pas pris ce quiz